| 000 | 00546nam a2200181Ia 4500 | ||
|---|---|---|---|
| 003 | IN-BaIIA | ||
| 008 | 211028s9999 xx 000 0 eng d | ||
| 040 | _cIIA Library | ||
| 080 |
_a523.34 _bFIE |
||
| 100 |
_aFielder, Gilbert _94273 |
||
| 245 | 0 |
_aStructure of the moon's surface _cGilbert Fielder |
|
| 260 |
_aOxford _bPergamon Press _c1961 |
||
| 300 | _axiii, 266p. | ||
| 650 | _aAstronomy and astrophysics thesaurus | ||
| 650 | _aMoon | ||
| 650 |
_aSurface (Celestial Bodies) _93639 |
||
| 942 | _cBK | ||
| 999 |
_c2386 _d2386 |
||